Sports Quiz

Random Sports or Soccer Quiz

Champions League XIs: Manchester United Quiz Stats

Quiz Updated Mar 14, 2018

Challenge
Share
Tweet
Embed
Score 0/231 Timer 20:00
1 Play Today
% Correct
Wayne Rooney
97.5%
Wayne Rooney
97.5%
Wayne Rooney
97.5%
Wayne Rooney
97.5%
Wayne Rooney
97.5%
Wayne Rooney
97.5%
Wayne Rooney
97.4%
Wayne Rooney
97.3%
Wayne Rooney
97.2%
Wayne Rooney
96.9%
David De Gea
96.2%
David De Gea
95.8%
David De Gea
95.7%
David De Gea
95.4%
Ryan Giggs
95.2%
Ryan Giggs
95.2%
Ryan Giggs
95.2%
Ryan Giggs
95.2%
Ryan Giggs
95.2%
Ryan Giggs
95.2%
Ryan Giggs
95.2%
Ryan Giggs
95.2%
Ryan Giggs
95.2%
Wayne Rooney
95.1%
Ryan Giggs
95%
Paul Scholes
94.6%
Paul Scholes
94.6%
Paul Scholes
94.6%
Paul Scholes
94.6%
Paul Scholes
94.6%
Paul Scholes
94.6%
Paul Scholes
94.6%
Paul Scholes
94.6%
Paul Scholes
94.6%
Paul Scholes
94.6%
Paul Scholes
94.6%
Ryan Giggs
94.4%
David De Gea
94.4%
Edwin Van der Sar
94.4%
Edwin Van der Sar
94.4%
Edwin Van der Sar
94.4%
Edwin Van der Sar
94.4%
Edwin Van der Sar
94.4%
Rio Ferdinand
94%
Rio Ferdinand
94%
Rio Ferdinand
94%
Rio Ferdinand
94%
Rio Ferdinand
94%
Rio Ferdinand
94%
Rio Ferdinand
94%
Rio Ferdinand
94%
Rio Ferdinand
93.8%
Rio Ferdinand
93.7%
Rio Ferdinand
93.2%
Ryan Giggs
92.8%
Ryan Giggs
92.4%
Cristiano Ronaldo
92.3%
Cristiano Ronaldo
92.3%
Cristiano Ronaldo
92.3%
Cristiano Ronaldo
92.3%
Cristiano Ronaldo
92.3%
Edwin Van der Sar
92%
Rio Ferdinand
91.7%
Nemanja Vidić
91.4%
Nemanja Vidić
91.4%
Nemanja Vidić
91.4%
Nemanja Vidić
91.4%
David Beckham
91.4%
David Beckham
91.3%
David Beckham
91.3%
David Beckham
91.3%
David Beckham
91.3%
David Beckham
91.3%
David Beckham
91.3%
Gary Neville
90.8%
Gary Neville
90.8%
Gary Neville
90.8%
% Correct
Gary Neville
90.8%
Gary Neville
90.8%
Gary Neville
90.8%
Gary Neville
90.8%
Gary Neville
90.8%
Gary Neville
90.8%
Nemanja Vidić
90.6%
Phil Neville
90.6%
Phil Neville
90.6%
Phil Neville
90.6%
Nemanja Vidić
89.1%
Patrice Evra
88.5%
Patrice Evra
88.5%
Patrice Evra
88.5%
Michael Carrick
88.5%
Patrice Evra
88.2%
Michael Carrick
88.2%
Michael Carrick
88.2%
Michael Carrick
88.2%
Michael Carrick
88.2%
Patrice Evra
88.1%
Michael Carrick
88.1%
Michael Carrick
88%
Peter Schmeichel
88%
Peter Schmeichel
87.9%
Peter Schmeichel
87.9%
Peter Schmeichel
87.9%
Patrice Evra
87%
Andy Cole
86.7%
Andy Cole
86.7%
Andy Cole
86.7%
Andy Cole
86.7%
Chris Smalling
86.4%
Patrice Evra
86.3%
Michael Carrick
86%
Romelu Lukaku
85.5%
Chris Smalling
85.2%
Ruud Van Nistelrooy
84.8%
Ruud Van Nistelrooy
84.8%
Ruud Van Nistelrooy
84.8%
Ruud Van Nistelrooy
84.8%
Ruud Van Nistelrooy
84.8%
Marcus Rashford
83.9%
Chris Smalling
83.6%
Dwight Yorke
83%
Dwight Yorke
83%
Anthony Martial
82.9%
Robin Van Persie
82.9%
Phil Jones
82.5%
Nani
82.1%
Nani
82.1%
Nani
82.1%
Fabian Barthez
81.8%
Fabian Barthez
81.8%
Fabian Barthez
81.8%
Roy Keane
81.6%
Roy Keane
81.6%
Roy Keane
81.6%
Roy Keane
81.6%
Roy Keane
81.6%
Roy Keane
81.6%
Nani
81.5%
Phil Jones
81.2%
Luis Antonio Valencia
81.1%
Luis Antonio Valencia
80.6%
Luis Antonio Valencia
80.5%
Nani
79.9%
Juan Manuel Mata
79.8%
Ashley Young
79.1%
Eric Cantona
78.7%
Rafael
77.5%
Teddy Sheringham
76.7%
Teddy Sheringham
76.7%
Chris Smalling
76.6%
Juan Manuel Mata
76.4%
Nicky Butt
76.4%
Nicky Butt
76.4%
% Correct
Nicky Butt
76.4%
Nicky Butt
76.4%
Nicky Butt
76.4%
Anthony Martial
74.8%
Ole-Gunnar Solskjaer
74%
Ole-Gunnar Solskjaer
74%
Wes Brown
73.4%
Wes Brown
73.4%
Wes Brown
73.4%
Wes Brown
73.4%
Daley Blind
73.2%
Jaap Stam
72.9%
Jaap Stam
72.9%
Ander Herrera
72.8%
Javier Hernandez
72.1%
John O'Shea
72.1%
John O'Shea
72.1%
John O'Shea
72.1%
John O'Shea
72.1%
John O'Shea
72.1%
Denis Irwin
71.7%
Denis Irwin
71.7%
Denis Irwin
71.7%
Denis Irwin
71.7%
Denis Irwin
71.7%
Denis Irwin
71.7%
Javier Hernandez
71.7%
Nemanja Matić
71.5%
Anderson
70.9%
Anderson
70.9%
Darren Fletcher
70.8%
Darren Fletcher
70.8%
Darren Fletcher
70.8%
Daley Blind
70.6%
Ashley Young
69.1%
Marcos Rojo
68.9%
Danny Welbeck
67.3%
Tim Howard
66.3%
Fabio
66.3%
Ji-Sung Park
65.6%
Steve Bruce
65.1%
Jonny Evans
64.4%
Mark Hughes
64.2%
Matteo Darmian
63.3%
Gary Pallister
61.4%
Juan Sebastian Veron
60.3%
Juan Sebastian Veron
60.3%
Gary Pallister
60.3%
Mikael Silvestre
57.8%
Mikael Silvestre
57.8%
Mikael Silvestre
57.8%
Mikael Silvestre
57.8%
Mikael Silvestre
57.8%
Mikael Silvestre
57.8%
Roy Carroll
56.2%
Bastian Schweinsteiger
55.4%
Victor Lindelöf
54.6%
Paul Ince
53.9%
Ronny Johnsen
53%
Tom Cleverley
52.4%
Laurent Blanc
52.3%
Laurent Blanc
52.3%
Memphis Depay
52.1%
Gabriel Heinze
51.5%
Gabriel Heinze
51.5%
Ronny Johnsen
50%
Andrei Kanchelskis
47.2%
Jesse Lingard
46.8%
Alan Smith
45.9%
David May
45.7%
David May
45.7%
Henning Berg
44.2%
Henning Berg
44.2%
Jesper Blomqvist
43.4%
Shinji Kagawa
42.3%
Raimond Van der Gouw
41.7%
Quinton Fortune
37.3%

You're not logged in!

Compare scores with friends on all Sporcle quizzes.
Join for Free
OR
Log In

You Might Also Like...

Show Comments

Extras

Top Quizzes Today


Score Distribution

Your Account Isn't Verified!

In order to create a playlist on Sporcle, you need to verify the email address you used during registration. Go to your Sporcle Settings to finish the process.

Report this User

Report this user for behavior that violates our Community Guidelines.

Details: